Αρχειοτάξιο περιοδική έκδοση των αρχείων σύγχρονης κοινωνικής ιστοριάς.

Αποθηκεύτηκε σε:
Λεπτομέρειες βιβλιογραφικής εγγραφής
Μορφή: Περιοδική έκδοση
Γλώσσα:Greek
Δημοσίευση: Αθήνα : Θεμέλιο, 1999-
Θέματα:
Ετικέτες: Προσθήκη ετικέτας
Δεν υπάρχουν, Καταχωρήστε ετικέτα πρώτοι!

MARC

LEADER 00000nas a2200000 i 4500
001 1/49185
008 040220c19999999gr r | | |gre||
022 |a 1108-4553 
035 |l 10072373 
040 |a GR-MY-UA  |b gre  |e aacr 
041 0 |a gre 
082 0 |a 938.03   |2 (20)  
245 1 0 |a Αρχειοτάξιο   |h [περιοδικό] :   |b περιοδική έκδοση των αρχείων σύγχρονης κοινωνικής ιστοριάς.  
260 |a Αθήνα :   |b Θεμέλιο,   |c 1999-  
300 |a Τχ. :   |b εικ. ;   |c 19x20 εκ.  
310 |a Ετήσιο  
650 0 0 |a Social history  |y 20th century  |x Periodicals. 
853 |a INST  |b LESVOS  |c SER  |h 938.03 
901 |a BIBL1-2004-1 
922 |a 1ΕΛΗ  |b 200001  |c ΤΑΚ/ΠΤΕ  |d ΧΑΡΤΣΙΑΣ 
970 |a ΤΖΑΦΕΡΗ  |b ΕΥΑΓΓΕΛΙΑ  |z 2004/02/20